000 01055nam0a22002771 4500
001 rc\2780661
005 20250806210052.0
035 _a(NLR Aleph) 006906897
090 _a16636
_c16636
100 _a20110915d1942 u y0rusy50 ca
101 0 _arus
102 _aRU
105 _aa z |||||
200 1 _aБереги боевого коня
_eПамятка бойцу-кавалеристу
_fВоенветврач 1-го ранга П. Г. Галушко, кандидат наук А. А. Зальцман
_gНар. ком. зем. Киргиз. ССР
210 _aФрунзе
_aТокмак
_cНар. ком. зем. Киргиз. ССР
_d1942
215 _a29, [3] с.
_cил., табл.
_d14 см.
300 _aНапеч. в Токмаке
700 1 _aГалушко
_bП.Г.
701 1 _aЗальцман
_bА.А.
801 0 _aRU
_bNLR
_gpsbo
801 1 _aRU
_bELAR
_2rusmarc
852 _aNLR
_jВ60 Г-2/1044
942 _cBOOK
945 _aРоссийская национальная библиотека
980 _aNB
980 _aBV